000 00634nam a2200265Ia 4500
005 20260121114440.0
008 008 260114s9999 xx 000 0 eng d
020 _a9788126580385
037 _aEBOOK
040 _aCRL
040 _beng
040 _cCRL
041 _2eng
041 _aeng
084 _qCRL
100 _aRajankar
_9975225
245 0 _aNetwork Synthesis and Filter Design
260 _bWiley
260 _c2013
650 _aElectrical & Electronics
_9975226
856 _uhttps://ebooks.wileyindia.com/product-details/284505
942 _cEBOOK
999 _c1554227
_d1554227